Govt. of
Madhya Pradesh

Tribal Folktales of India A Study in Anthropological Perspective (Record no. 52222)

MARC details
000 -LEADER
fixed length control field 00457nam a22001697a 4500
003 - CONTROL NUMBER IDENTIFIER
control field MACL
005 - DATE AND TIME OF LATEST TRANSACTION
control field 20160114135327.0
008 - FIXED-LENGTH DATA ELEMENTS--GENERAL INFORMATION
fixed length control field 160114b xxu||||| |||| 00| 0 eng d
040 ## - CATALOGING SOURCE
Transcribing agency MACL
041 ## - LANGUAGE CODE
Language code of text/sound track or separate title English
082 ## - DEWEY DECIMAL CLASSIFICATION NUMBER
Classification number 398/SAH
100 ## - MAIN ENTRY--PERSONAL NAME
Personal name Sahay,Sarita
9 (RLIN) 32237
245 ## - TITLE STATEMENT
Title Tribal Folktales of India A Study in Anthropological Perspective
260 ## - PUBLICATION, DISTRIBUTION, ETC. (IMPRINT)
Place of publication, distribution, etc. New Delhi
Name of publisher, distributor, etc. Discovery Publishing House
Date of publication, distribution, etc. 2013
650 ## - SUBJECT ADDED ENTRY--TOPICAL TERM
Topical term or geographic name as entry element Folktales
9 (RLIN) 32238
942 ## - ADDED ENTRY ELEMENTS (KOHA)
Source of classification or shelving scheme
Koha item type Books
Holdings
Withdrawn status Lost status Source of classification or shelving scheme Damaged status Not for loan Home library Current library Date acquired Cost, normal purchase price Total Checkouts Full call number Barcode Date last seen Price effective from Koha item type
          MACL MACL 14/01/2016 1400.00   398/SAH CRE030986 02/05/2024 14/01/2016 Books